[Event "Al Ain Classic 2012"]
[Site "Al-Ain UAE"]
[Date "2012.12.26"]
[Round "5.12"]
[White "Can, Emre"]
[Black "Karthikeyan, Murali"]
[Result "1/2-1/2"]
[WhiteTitle "GM"]
[WhiteElo "2448"]
[BlackElo "2315"]
[WhiteFideId "6302181"]
[BlackFideId "5074452"]
[EventDate "2012.12.22"]

1. d4 d5 2. Nf3 Nf6 3. c4 e6 4. g3 Be7 5. Bg2 O-O 6. O-O dxc4 7. Qa4 a6 8. Qxc4
b5 9. Qc2 Bb7 10. Bg5 Nbd7 11. Nbd2 Rc8 12. Bxf6 Nxf6 13. Nb3 Be4 14. Qc3 Nd5
15. Qc1 c5 16. dxc5 Qc7 17. Qd2 Rfd8 18. Rac1 Bf6 19. Ne1 Nc3 20. Qe3 Bxg2 21.
Nxg2 Nxa2 22. Ra1 Nb4 23. Qe4 Nc6 24. Rxa6 Nd4 25. Nxd4 Rxd4 26. Qf3 Qxc5 27.
Nf4 Rdd8 28. Nd3 Qd5 29. Qxd5 Rxd5 30. Rfa1 g6 31. Rb6 Rc7 32. Ra5 Rc2 33. Kf1
Bxb2 34. Ra2 Rd2 35. Nxb2 Kg7 36. Rba6 Re5 37. Nd3 Rexe2 38. Rxd2 Rxd2 39. Ra3
Kf6 40. Rb3 g5 41. Ke1 Ra2 42. Rxb5 Ra1+ 43. Ke2 Rh1 44. Ne5 h5 45. Nf3 g4 46.
Nh4 e5 47. Rb8 Rxh2 48. Rh8 Kg5 49. Rh7 f5 50. Rg7+ Kf6 51. Rg6+ Kf7 52. Rg5 f4
53. Kf1 Ke6 54. Rxh5 Rh1+ 55. Kg2 Re1 56. Rg5 f3+ 57. Kh2 Re4 58. Rg8 Kf7 59.
Rg6 Ra4 60. Rb6 Ra2 61. Rb4 Rxf2+ 62. Kg1 Re2 63. Rxg4 e4 64. Rg5 Ke6 65. g4
Re1+ 66. Kf2 Rh1 67. Rh5 Rh2+ 68. Kg3 Rh1 69. Rh6+ Kd5 70. Rh5+ Ke6 71. Rh6+ Kd5
72. Rh5+ Ke6 73. g5 Rg1+ 74. Kf2 Rh1 75. Rh6+ Kf7 76. Rf6+ Kg8 77. Rh6 Rh2+ 78.
Kg3 f2 79. Rg6+ Kh8 80. Rh6+ Kg8 81. Rg6+ Kh8 82. Rh6+ 1/2-1/2

[Event "Al Ain Classic 2012"]
[Site "Al-Ain UAE"]
[Date "2012.12.26"]
[Round "5.13"]
[White "Hamdouchi, Adina-Maria"]
[Black "Labib, Ibrahim Hasan"]
[Result "1/2-1/2"]
[WhiteTitle "WGM"]
[BlackTitle "IM"]
[WhiteElo "2211"]
[BlackElo "2432"]
[WhiteFideId "1206435"]
[BlackFideId "10600426"]
[EventDate "2012.12.22"]

1. d4 Nf6 2. Nf3 e6 3. Bf4 b6 4. c3 Bb7 5. e3 d6 6. Be2 Be7 7. h3 Ne4 8. O-O Nd7
9. Nfd2 e5 10. Bh2 Nxd2 11. Nxd2 Bf6 12. Bf3 d5 13. e4 O-O 14. dxe5 Nxe5 15.
Bxe5 Bxe5 16. exd5 Qh4 17. d6 c6 18. Re1 Bxd6 19. Ne4 Bc7 20. Qd7 Qf4 21. Ng3
Rad8 22. Qe7 Rd2 23. Rad1 Bc8 24. Rxd2 Qxd2 25. Rd1 Qf4 26. Bxc6 Be6 27. b3 g6
28. Qb4 Qf6 29. Ne4 Qe5 30. Ng3 h5 31. Bf3 Qg5 32. Ne4 Qf5 33. Nd6 Qe5 34. Qd4
Bxd6 35. Qxd6 Qxc3 36. Bd5 Re8 37. Bxe6 Rxe6 38. Qf4 Kg7 39. Kh2 Rf6 40. Qd2 Qc5
41. Kg1 Re6 42. a4 h4 43. b4 Qe5 44. Qd4 Qxd4 45. Rxd4 Re1+ 46. Kh2 Ra1 47. a5
bxa5 48. bxa5 Rxa5 49. Rxh4 Kf6 50. Rb4 Re5 51. Rb7 Re7 52. Rb5 a6 53. Rb6+ Re6
54. Rb7 a5 55. Ra7 Re5 56. h4 Ke6 57. g4 Rd5 58. Kg3 f6 59. Kf3 Rb5 60. Ra6+ Ke5
61. h5 gxh5 62. gxh5 f5 63. h6 Rb3+ 64. Kg2 Kf4 65. h7 Rb8 66. Rxa5 Kg5 67. Kg3
Rb3+ 68. f3 Rb8 69. Ra7 Rh8 70. Rg7+ Kh6 71. Rg8 Rxh7 72. Kf4 Rf7 73. Rg5 Rf8
74. Rxf5 Ra8 75. Rf6+ Kg7 76. Rb6 Ra5 77. Kg4 Kf7 78. f4 Rc5 79. Ra6 Rb5 80. f5
Rb1 81. Kf4 Rf1+ 82. Ke4 1/2-1/2

[Event "Al Ain Classic 2012"]
[Site "Al-Ain UAE"]
[Date "2012.12.26"]
[Round "5.14"]
[White "Visweswaran, K."]
[Black "Sanal, Vahap"]
[Result "0-1"]
[WhiteTitle "FM"]
[BlackTitle "FM"]
[WhiteElo "2158"]
[BlackElo "2382"]
[WhiteFideId "5005353"]
[BlackFideId "6300545"]
[EventDate "2012.12.22"]

1. Nf3 Nf6 2. g3 d5 3. Bg2 Bg4 4. O-O c6 5. d3 Nbd7 6. Nbd2 e5 7. e4 Bd6 8. h3
Bh5 9. Qe1 O-O 10. Nh4 Re8 11. b3 a5 12. a3 Qb6 13. Bb2 Nc5 14. Rb1 Rad8 15. Kh1
Ne6 16. Nf5 Bb8 17. exd5 cxd5 18. Bxe5 Bxe5 19. Qxe5 Bg6 20. Ne3 Nd4 21. Qg5 Qc7
22. Nf3 Ne2 23. Rbe1 h6 24. Qh4 Rxe3 25. fxe3 Nxg3+ 26. Kg1 Nxf1 27. Rxf1 Qxc2
28. Ne5 Rd6 29. Nxg6 fxg6 30. Qg3 Qc5 31. Rf3 Kh7 32. b4 axb4 33. axb4 Qxb4 34.
Kh2 Re6 35. Qc7 Re7 36. Qb8 Qb6 37. Qf8 Rxe3 0-1

[Event "Al Ain Classic 2012"]
[Site "Al-Ain UAE"]
[Date "2012.12.26"]
[Round "5.15"]
[White "Moosavian, S.Hamed"]
[Black "Mohamed, Tarek"]
[Result "1-0"]
[WhiteTitle "IM"]
[WhiteElo "2377"]
[BlackElo "2274"]
[WhiteFideId "12501930"]
[BlackFideId "10617981"]
[EventDate "2012.12.22"]

1. e4 c5 2. Nf3 d6 3. d4 cxd4 4. Nxd4 Nf6 5. Nc3 a6 6. Bc4 e6 7. Bb3 Be7 8. O-O
O-O 9. f4 Nc6 10. Be3 Na5 11. e5 Ne8 12. Qg4 Nxb3 13. axb3 f5 14. Qg3 Bd7 15.
Rad1 d5 16. Nce2 Nc7 17. Qf2 Qe8 18. Rd2 b5 19. c3 a5 20. Nc2 Na6 21. Ra1 a4 22.
b4 Kh8 23. Ned4 g5 24. fxg5 f4 25. Bxf4 Bxg5 26. Bxg5 Rxf2 27. Rxf2 h6 28. Bxh6
Qh5 29. Bf4 Rg8 30. Rf3 Qg4 31. Ne3 Qh4 32. Kh1 Qe7 33. Rh3+ Kg7 34. Rf1 Rh8 35.
Rg3+ 1-0

[Event "Al Ain Classic 2012"]
[Site "Al-Ain UAE"]
[Date "2012.12.26"]
[Round "5.16"]
[White "Senador, Emmanuel"]
[Black "Tarasova, Viktoriya"]
[Result "1-0"]
[WhiteTitle "IM"]
[BlackTitle "WIM"]
[WhiteElo "2352"]
[BlackElo "2254"]
[WhiteFideId "5200601"]
[BlackFideId "4175840"]
[EventDate "2012.12.22"]

1. e4 e5 2. Nf3 Nc6 3. Bc4 Bc5 4. b4 Bb6 5. b5 Na5 6. Be2 Nf6 7. Nc3 O-O 8. O-O
c6 9. Nxe5 Re8 10. d4 d6 11. Nf3 Nxe4 12. Nxe4 Rxe4 13. Bd3 Re7 14. Nh4 Bxd4 15.
Bxh7+ Kxh7 16. Qxd4 c5 17. Qd3+ Kg8 18. Bg5 f6 19. Bd2 b6 20. Ng6 Re8 21. Rae1
Bd7 22. Qd5+ Kh7 23. Qf7 Rxe1 24. Rxe1 Be8 25. Nf8+ Kh8 26. Qd5 Bf7 27. Ne6 Rc8
28. c4 Qd7 29. f4 Nb7 30. f5 Kg8 31. Qf3 Re8 32. Qc6 Qc8 33. h3 Qb8 34. Bf4 Na5
35. Qd5 Nb7 36. Re3 Qc8 37. Qc6 Na5 38. Qd5 Nb7 39. Rg3 Bxe6 40. fxe6 Re7 41.
Bh6 Kf8 42. Bxg7+ Rxg7 43. e7+ 1-0

[Event "Al Ain Classic 2012"]
[Site "Al-Ain UAE"]
[Date "2012.12.26"]
[Round "5.17"]
[White "Finegold, Benjamin"]
[Black "Tissir, Mohamed"]
[Result "1-0"]
[WhiteTitle "GM"]
[BlackTitle "IM"]
[WhiteElo "2498"]
[BlackElo "2411"]
[WhiteFideId "2000261"]
[BlackFideId "9000240"]
[EventDate "2012.12.22"]

1. d4 d5 2. c4 dxc4 3. e3 Nf6 4. Bxc4 e6 5. Nf3 a6 6. a4 c5 7. Nc3 Nc6 8. O-O
Be7 9. Qe2 cxd4 10. Rd1 e5 11. exd4 exd4 12. Nxd4 Nxd4 13. Qe5 Qd6 14. Qxd6 Bxd6
15. Rxd4 Bc5 16. Rd3 O-O 17. Be3 Bxe3 18. Rxe3 Re8 19. Rxe8+ Nxe8 20. Rd1 Bf5
21. Nd5 Be6 22. Nb6 Rb8 23. Bxe6 fxe6 24. Rd7 Nf6 25. Rc7 Rd8 26. g3 Rd2 27. Nc4
Rd1+ 28. Kg2 b5 29. Ne5 h5 30. Rc6 bxa4 31. Rxa6 Rd2 32. Nf3 Rxb2 33. Ng5 Rb8
34. Nxe6 Kf7 35. Nf4 Rb4 36. Ra7+ Kg8 37. Ne6 Nd5 1-0

[Event "Al Ain Classic 2012"]
[Site "Al-Ain UAE"]
[Date "2012.12.26"]
[Round "5.18"]
[White "Soloviova, Liza"]
[Black "Esen, Baris"]
[Result "0-1"]
[WhiteTitle "WGM"]
[BlackTitle "GM"]
[WhiteElo "2287"]
[BlackElo "2576"]
[WhiteFideId "14117665"]
[BlackFideId "6302114"]
[EventDate "2012.12.22"]

1. Nf3 d5 2. d3 g6 3. g3 Bg7 4. Bg2 e5 5. Nbd2 Ne7 6. c3 O-O 7. O-O a5 8. a4
Nbc6 9. e4 h6 10. Re1 Re8 11. exd5 Nxd5 12. Nc4 Bf5 13. Nh4 Be6 14. Nf3 f6 15.
Qc2 g5 16. Be3 Qd7 17. Rad1 Rad8 18. Bc5 b6 19. Ba3 Qf7 20. Nfd2 Bg4 21. Rb1 Qd7
22. Nf1 Bh3 23. Bh1 h5 24. Nfe3 Nde7 25. Rbd1 Nf5 26. Qb3 Kh8 27. Nd5 Qf7 28.
Ndxb6 Nce7 29. Na8 Rxa8 30. Bxa8 Rxa8 31. Nxa5 Qe8 32. Nc4 Rxa4 33. Re4 Ra8 34.
d4 Qc6 35. d5 Qa6 36. d6 cxd6 37. Bxd6 Ng6 38. Nb6 Rd8 39. Bc5 Kh7 40. c4 Qb7
41. f3 Qc6 42. Bf2 Rxd1+ 43. Qxd1 Nd4 44. Na4 f5 45. Re3 g4 46. c5 gxf3 47. b4
Ne2+ 0-1

[Event "Al Ain Classic 2012"]
[Site "Al-Ain UAE"]
[Date "2012.12.26"]
[Round "5.19"]
[White "Mokhtar, Ahmed"]
[Black "Golizadeh, Asghar"]
[Result "0-1"]
[BlackTitle "GM"]
[WhiteElo "2282"]
[BlackElo "2476"]
[WhiteFideId "10600698"]
[BlackFideId "12505269"]
[EventDate "2012.12.22"]

1. e4 c5 2. c3 Nf6 3. e5 Nd5 4. d4 cxd4 5. Qxd4 e6 6. Bd3 Nc6 7. Qe4 f5 8. Qe2
Qc7 9. Nf3 Ncb4 10. Bb5 a6 11. Ba4 b5 12. Bb3 Nb6 13. O-O N4d5 14. a4 bxa4 15.
Bxa4 Be7 16. Bc2 O-O 17. Bd3 Bb7 18. Na3 Rfb8 19. Nc2 a5 20. Nfd4 a4 21. Na3 Bc5
22. Nab5 Qd8 23. Rd1 Qh4 24. Nf3 Qh5 25. Bd2 Ne7 26. Ne1 Qxe2 27. Bxe2 Ba6 28.
Bc1 Nc6 29. Nf3 Rb7 30. Kf1 h6 31. h4 Kf8 32. h5 Ke7 33. Ra2 Rab8 34. b4 Nd5 35.
bxc5 Bxb5 36. Bxb5 Nxc3 37. Bxc6 dxc6 38. Nd4 Ke8 39. Rad2 Nxd1 40. Rxd1 Rb1 41.
Ke2 R8b4 42. Nxc6 Re4+ 43. Kf3 a3 44. Rd8+ Kf7 45. Rd7+ Kg8 46. Ne7+ Kh7 47. Rd8
Rxc1 48. g3 Rg4 49. Ra8 Rxc5 50. Kg2 Rg5 51. Rxa3 Rxh5 52. f4 Rc7 0-1

[Event "Al Ain Classic 2012"]
[Site "Al-Ain UAE"]
[Date "2012.12.26"]
[Round "5.20"]
[White "Ismagambetov, Anuar"]
[Black "Yasseen, Aly"]
[Result "1-0"]
[WhiteTitle "GM"]
[BlackTitle "IM"]
[WhiteElo "2463"]
[BlackElo "2280"]
[WhiteFideId "13701525"]
[BlackFideId "10600116"]
[EventDate "2012.12.22"]

1. e4 c5 2. Nf3 d6 3. d4 cxd4 4. Nxd4 Nf6 5. Nc3 Nc6 6. Bg5 e6 7. Qd2 a6 8.
O-O-O Bd7 9. f4 h6 10. Bh4 Be7 11. Nf3 b5 12. Bxf6 gxf6 13. Kb1 Qb6 14. Bd3
O-O-O 15. Rhe1 Kb7 16. Bf1 Rc8 17. Ne2 Rc7 18. Ned4 Nxd4 19. Nxd4 Rhc8 20. c3
Bf8 21. Be2 Ka7 22. Bh5 Be8 23. Qe3 Rc5 24. f5 e5 25. Nb3 R5c7 26. Qxb6+ Kxb6
27. Nd2 a5 28. Nf1 Bc6 29. Bf3 Bb7 30. Ne3 Be7 31. Nd5+ Bxd5 32. Rxd5 Rc5 33.
Red1 Rxd5 34. Rxd5 Rc5 35. Rd3 Rc4 36. b3 Rc7 37. Bh5 Bf8 38. Kc2 a4 39. Kb2
axb3 40. axb3 Kc6 41. Rd5 Rb7 42. b4 Ra7 43. Be2 Rb7 44. Bd1 Be7 45. Bb3 Rb8 46.
Bd1 Rg8 47. g3 Rb8 48. Bh5 Rf8 49. Kb3 Ra8 50. Bxf7 Rf8 51. Bh5 Rb8 52. Rd1 Bd8
53. Be8+ Kc7 54. Rd5 1-0

[Event "Al Ain Classic 2012"]
[Site "Al-Ain UAE"]
[Date "2012.12.26"]
[Round "5.22"]
[White "Shyam, Nikil P."]
[Black "Soozankar, A.M."]
[Result "1/2-1/2"]
[WhiteTitle "IM"]
[BlackTitle "FM"]
[WhiteElo "2431"]
[BlackElo "2223"]
[WhiteFideId "5024218"]
[BlackFideId "12503029"]
[EventDate "2012.12.22"]

1. Nf3 c5 2. e4 d6 3. d4 cxd4 4. Qxd4 Nc6 5. Bb5 Bd7 6. Bxc6 Bxc6 7. Bg5 Nf6 8.
Bxf6 gxf6 9. Nc3 Rg8 10. O-O f5 11. Qd3 fxe4 12. Nxe4 Qd7 13. Ng3 Bg7 14. c3
O-O-O 15. Rfe1 e6 16. Rad1 Kb8 17. Qe2 b6 18. Nd4 Ba8 19. f3 Be5 20. Qf2 Qe7 21.
a4 h5 22. Ne4 Rg6 23. f4 Bf6 24. Rd2 Bh4 25. g3 f5 26. Ng5 Bxg5 27. fxg5 Qb7 28.
Kf1 e5 29. Nb5 Qh1+ 30. Qg1 Qf3+ 31. Qf2 Qh1+ 32. Qg1 Qf3+ 33. Qf2 1/2-1/2

[Event "Al Ain Classic 2012"]
[Site "Al-Ain UAE"]
[Date "2012.12.26"]
[Round "5.23"]
[White "Ibrayev, Nurlan"]
[Black "Ssegwanyi, Arthur"]
[Result "1-0"]
[WhiteTitle "GM"]
[WhiteElo "2406"]
[BlackElo "2222"]
[WhiteFideId "13700650"]
[BlackFideId "10000100"]
[EventDate "2012.12.22"]

1. d4 Nf6 2. c4 e6 3. g3 d5 4. Nf3 dxc4 5. Bg2 Nc6 6. O-O Rb8 7. e3 b5 8. Qe2
Bd6 9. Rd1 Qe7 10. b3 cxb3 11. axb3 O-O 12. Bb2 a6 13. Nbd2 Rb6 14. Rdc1 Bb7 15.
Ne5 Qe8 16. Nd3 Qa8 17. e4 Nb4 18. Nc5 Be7 19. Bc3 Nc6 20. Nxb7 Qxb7 21. d5 Nb4
22. d6 Bxd6 23. Bxf6 gxf6 24. e5 Nd5 25. exd6 cxd6 26. Qg4+ Kh8 27. Qd4 Kg7 28.
Bxd5 exd5 29. Nf1 Re8 30. Ne3 Re5 31. Ng4 Rf5 32. Qe3 Rg5 33. Qf4 Rg6 34. Ne3
Qd7 35. Nxd5 Rb8 36. Rxa6 Rd8 37. Ne3 Qe6 38. Rxd6 Rxd6 39. Qxd6 Qh3 40. Qf4 Qe6
41. Nf5+ Kh8 42. Qb8+ Rg8 43. Qxb5 Rg5 44. Qb8+ Rg8 45. Qf4 Rg5 46. Nd4 Qa6 47.
b4 Kg7 48. b5 Qb6 49. Rc6 Qa5 50. Qxf6+ 1-0

[Event "Al Ain Classic 2012"]
[Site "Al-Ain UAE"]
[Date "2012.12.26"]
[Round "5.24"]
[White "Elgabry, Mohsen"]
[Black "Ayyad, Husain"]
[Result "1-0"]
[WhiteTitle "IM"]
[BlackTitle "FM"]
[WhiteElo "2365"]
[BlackElo "2205"]
[WhiteFideId "10600531"]
[BlackFideId "11200243"]
[EventDate "2012.12.22"]

1. Nf3 Nc6 2. d4 e6 3. g3 Nf6 4. Bg2 d5 5. O-O b5 6. a4 bxa4 7. c4 Bd7 8. cxd5
exd5 9. Nc3 Nb4 10. Ne5 Bf5 11. Qxa4+ Bd7 12. Qb3 Be6 13. Bg5 c6 14. Qa4 Qb6 15.
Rfc1 Bd6 16. e4 Bxe5 17. dxe5 Nxe4 18. Nxe4 dxe4 19. Be3 Qb7 20. Bc5 Nd3 21.
Bxe4 Rd8 22. Bxc6+ Bd7 23. Bxb7 Bxa4 24. Rxa4 Nxc1 25. Bc6+ 1-0

[Event "Al Ain Classic 2012"]
[Site "Al-Ain UAE"]
[Date "2012.12.26"]
[Round "5.25"]
[White "Navalgund, Niranjan"]
[Black "Hassan, Sayed Barakat"]
[Result "1/2-1/2"]
[BlackTitle "IM"]
[WhiteElo "2169"]
[BlackElo "2347"]
[WhiteFideId "5030854"]
[BlackFideId "10600299"]
[EventDate "2012.12.22"]

1. d4 c5 2. d5 e5 3. Nc3 d6 4. e4 g6 5. h4 Nf6 6. Be2 a6 7. a4 h6 8. Be3 Qa5 9.
Bd2 Nbd7 10. Bc4 Nh5 11. Nge2 Qd8 12. g4 Nb6 13. gxh5 Nxc4 14. hxg6 fxg6 15. Bc1
Nb6 16. Ng3 h5 17. f4 Be7 18. fxe5 dxe5 19. O-O Bg4 20. Qe1 Bh3 21. Rf3 Bxh4 22.
Be3 Bg4 23. Rf1 Qd6 24. b4 cxb4 25. Qf2 Nd7 26. Qf7+ Kd8 27. Qg7 Kc7 28. Nce2
Rag8 29. Qf7 Rf8 30. Qg7 Bf6 31. Rxf6 Qxf6 32. Qxf6 Rxf6 33. Nc1 Rf3 34. Bf2
Rhf8 35. Nd3 b3 36. Nf1 bxc2 37. Ne3 Rxe3 38. Bxe3 Bd1 39. Ra3 Rf3 40. Rc3+ Kd6
41. Bc1 Ke7 42. Bg5+ Kf7 43. Kg2 Kg7 44. Rc7 Rf7 45. Kg3 b5 46. a5 Be2 47. Nb4
Nf6 48. Bxf6+ Kxf6 49. Rxc2 Bg4 50. Rf2+ Bf5 51. Kh4 Rc7 52. Nc6 Rd7 53. exf5
gxf5 54. Rd2 e4 55. Rd4 e3 56. Kg3 h4+ 57. Kf3 h3 58. Rd1 h2 59. Rh1 Rxd5 60.
Rxh2 Rc5 61. Kxe3 b4 62. Kd4 Rb5 63. Rb2 b3 64. Kc4 f4 65. Kd4 Kf5 66. Kd3 Kg4
67. Ke4 f3 68. Ne5+ Kg3 69. Nxf3 Rxa5 70. Rxb3 Ra4+ 71. Nd4+ Kg4 72. Rb8 Kg5 73.
Rf8 Ra1 74. Nf3+ Kg4 75. Rg8+ Kh3 76. Nd4 Ra4 77. Rg1 Kh2 78. Rg6 Kh3 79. Ke3
Kh4 80. Ne2 Ra3+ 81. Kf2 Ra2 82. Rg8 Kh5 83. Kf3 Kh6 84. Nf4 Ra5 85. Kg4 Rb5 86.
Rg6+ Kh7 87. Rxa6 Re5 88. Ra7+ Kh6 89. Ra6+ Kh7 90. Nh5 Rb5 91. Ng3 Rb1 92. Ne4
Rg1+ 93. Kf5 Rf1+ 94. Ke5 Kg7 95. Ng3 Re1+ 96. Kf5 Kf7 97. Rb6 Re3 98. Ne4 Rf3+
99. Ke5 Re3 100. Kf4 Re1 101. Ng3 Kg7 102. Kg5 Kf7 103. Kf5 Re3 104. Nh5 Rf3+
105. Nf4 Re3 106. Rf6+ Ke8 107. Rd6 Kf7 108. Nd5 Rf3+ 109. Ke5 Kg7 110. Nf4 Re3+
111. Kf5 Kf7 112. Ra6 Re1 113. Rh6 Rg1 114. Rf6+ Ke7 115. Ng6+ Kd7 116. Ne5+ Kc7
117. Ke4 Re1+ 118. Kd5 Rd1+ 119. Kc5 Rc1+ 120. Nc4 Kd7 121. Rh6 Ke7 122. Kd4
Rd1+ 123. Ke4 Re1+ 124. Ne3 Kd7 125. Kd4 Re2 126. Rh7+ Ke6 127. Rh6+ Kd7 128.
Nc4 Re1 129. Nb6+ Ke7 130. Nd5+ Kd7 131. Nf6+ Ke7 132. Ne4 Ra1 133. Kd5 Ra5+
134. Nc5 Kf7 135. Rb6 Ke7 136. Rc6 Kf7 137. Ke5 Ra1 138. Rf6+ Ke7 139. Rh6 Re1+
140. Ne4 Kd7 141. Rd6+ Kc7 142. Re6 Kd7 143. Ra6 Kc7 144. Rh6 Kd7 145. Kd4 Rd1+
146. Kc4 Rc1+ 147. Nc3 Rc2 148. Kd4 Rc1 149. Rg6 1/2-1/2

[Event "Al Ain Classic 2012"]
[Site "Al-Ain UAE"]
[Date "2012.12.26"]
[Round "5.26"]
[White "Manakova, Maria"]
[Black "Zabeib, Mohamed"]
[Result "0-1"]
[WhiteTitle "WGM"]
[WhiteElo "2338"]
[BlackElo "2158"]
[WhiteFideId "927007"]
[BlackFideId "10607617"]
[EventDate "2012.12.22"]

1. e4 e6 2. d4 d5 3. Nc3 Bb4 4. a3 Bxc3+ 5. bxc3 dxe4 6. Qg4 Nf6 7. Qxg7 Rg8 8.
Qh6 Rg6 9. Qd2 a6 10. a4 Nc6 11. Ne2 e5 12. dxe5 Qxd2+ 13. Bxd2 Nxe5 14. Nf4 Rg8
15. c4 Bf5 16. Bc3 Ned7 17. O-O-O O-O-O 18. h3 Rge8 19. Be2 Ng8 20. g4 Be6 21.
Nxe6 Rxe6 22. g5 f5 23. f3 exf3 24. Bd3 Ne7 25. Rhf1 Ne5 26. Bxe5 Rxe5 27. Rxf3
Rf8 28. Rdf1 Kd7 29. Rf4 Rf7 30. Kd2 Ke6 31. Rh4 Rg7 32. Rg1 Ng8 33. Rb1 b6 34.
c5 Rxc5 35. Bc4+ Kd7 36. Bxa6 Rxg5 37. Rxh7+ Kd6 38. Bb7 Nf6 39. Rh6 Ke5 40. h4
Rg3 41. Re1+ Ne4+ 42. Bxe4 fxe4 43. Rh5+ Kf4 44. Rxc5 bxc5 45. Rf1+ Ke5 46. Ra1
Kd4 47. Ra2 e3+ 48. Ke2 Ke4 49. a5 Rg2+ 50. Kf1 Kf3 51. Ra3 Rxc2 52. Kg1 Rg2+
53. Kh1 Rg4 54. Kh2 Rxh4+ 55. Kg1 Rg4+ 56. Kf1 Rd4 57. Kg1 Rd1+ 58. Kh2 Kf2 59.
a6 Rd8 60. Kh3 e2 61. Ra2 Kf1 0-1

[Event "Al Ain Classic 2012"]
[Site "Al-Ain UAE"]
[Date "2012.12.26"]
[Round "5.27"]
[White "Abtini, Hasan"]
[Black "Mammadov, Zaur"]
[Result "0-1"]
[BlackTitle "IM"]
[WhiteElo "1935"]
[BlackElo "2459"]
[WhiteFideId "7601506"]
[BlackFideId "13401033"]
[EventDate "2012.12.22"]

1. e4 c6 2. d4 d5 3. exd5 cxd5 4. Bd3 Nc6 5. c3 Nf6 6. Bf4 g6 7. Nd2 Bg7 8. Ngf3
O-O 9. O-O Nh5 10. Bg5 Qc7 11. Re1 f6 12. Bh4 e5 13. Qb3 Nf4 14. dxe5 fxe5 15.
Bf1 e4 16. g3 Na5 17. Qb4 Ne6 18. Ng5 h6 19. Nxe6 Bxe6 20. Be7 Nc6 21. Bd6 Qd7
22. Qa3 Rf7 23. Bb5 Bh3 24. Bc5 Qf5 25. Bxc6 bxc6 26. Qa4 h5 27. Be3 c5 28. Qb5
d4 29. cxd4 cxd4 30. Qxf5 Rxf5 31. Bf4 g5 32. Bd6 e3 33. fxe3 dxe3 34. Nb3 a5
35. a4 Rf3 36. Rac1 e2 37. Nd2 Bd4+ 38. Kh1 Rf2 39. Bc5 Rd8 40. Bxd4 Rxd4 41.
Nf3 Rxf3 42. Rxe2 Rxa4 43. Re5 Rf5 44. Rc8+ Kf7 45. Rc7+ Kf6 46. Re1 Re4 47.
Rc6+ Ke5 48. Rec1 Rd4 49. R6c5+ Rd5 50. R5c2 Rf1+ 51. Rxf1 Bxf1 52. Kg1 Bd3 53.
Rc3 Kd4 54. Kf2 Rf5+ 55. Kg1 Bf1 56. h4 g4 57. Rc1 Bd3 58. Ra1 Rf1+ 59. Rxf1
Bxf1 60. Kxf1 Ke3 0-1

[Event "Al Ain Classic 2012"]
[Site "Al-Ain UAE"]
[Date "2012.12.26"]
[Round "5.29"]
[White "Chatterjee, Debaraj"]
[Black "Darini, Pouria"]
[Result "0-1"]
[WhiteTitle "FM"]
[BlackTitle "IM"]
[WhiteElo "2307"]
[BlackElo "2522"]
[WhiteFideId "10201130"]
[BlackFideId "12502200"]
[EventDate "2012.12.22"]

1. d4 Nf6 2. c4 g6 3. Nc3 d5 4. cxd5 Nxd5 5. e4 Nxc3 6. bxc3 Bg7 7. Nf3 c5 8.
Rb1 O-O 9. Be2 Nc6 10. d5 Ne5 11. Nxe5 Bxe5 12. Qd2 e6 13. f4 Bc7 14. O-O exd5
15. exd5 Ba5 16. d6 Rb8 17. Ba3 Bf5 18. Rbc1 b6 19. g4 Be4 20. f5 Qh4 21. Rf4
Bc6 22. fxg6 hxg6 23. Rcf1 Rbe8 24. Bc4 g5 25. Qf2 Qxf2+ 26. R4xf2 Re4 27. Be2
Ra4 28. Bc1 Bxc3 29. Bf3 Bb5 30. Bxg5 Bd4 31. Kg2 Bxf1+ 32. Rxf1 Rxa2+ 33. Kh1
Be5 34. Rd1 Rxh2+ 35. Kg1 f6 36. d7 fxg5 37. d8=Q Rxd8 38. Rxd8+ Kg7 39. Rd7+
Kf6 40. Rxa7 Rb2 41. Kf1 Bg3 42. Be2 Ke5 43. Re7+ Kd6 44. Rb7 Kc6 45. Bf3+ Kb5
46. Be2+ c4 47. Rf7 Kb4 48. Rf8 b5 49. Rc8 Kc3 50. Rc5 Bf4 51. Kf2 Rxe2+ 52.
Kxe2 b4 53. Kd1 b3 54. Rc6 b2 55. Rb6 Bd6 0-1

[Event "Al Ain Classic 2012"]
[Site "Al-Ain UAE"]
[Date "2012.12.26"]
[Round "5.30"]
[White "Mohannad, Farhan"]
[Black "Shoker, Samy"]
[Result "1/2-1/2"]
[WhiteTitle "FM"]
[BlackTitle "IM"]
[WhiteElo "2263"]
[BlackElo "2490"]
[WhiteFideId "8100918"]
[BlackFideId "627143"]
[EventDate "2012.12.22"]

1. d4 d6 2. c4 Nf6 3. Nc3 e5 4. Nf3 e4 5. Nd2 Qe7 6. e3 Bf5 7. Be2 h5 8. O-O c6
9. f3 exf3 10. Nxf3 Na6 11. e4 Nxe4 12. Nxe4 Bxe4 13. Ng5 Bg6 14. Bd3 Bxd3 15.
Qxd3 f6 16. Qg6+ Kd7 17. Nf7 Rg8 18. c5 Qe6 19. Bf4 f5 20. Qxe6+ Kxe6 21. Nxd6
g6 22. Nxb7 Nb4 23. Rad1 Nd5 24. Rfe1+ Kd7 25. Be5 a5 26. Nd6 Bxd6 27. Bxd6 Ra7
28. Rd3 Rb7 29. Ra3 Rb5 30. b4 Ra8 31. bxa5 Rbxa5 32. Rg3 Rg8 33. a3 Rb5 34. a4
Rb4 35. a5 h4 36. Ra3 Ra8 37. Be5 Ra6 38. Bg7 Rb5 39. Rea1 Ke6 40. Bh6 Kf6 41.
Bd2 Rb2 42. R3a2 Rb3 43. Be1 g5 44. Re2 Nf4 45. Rc2 Rd3 46. Rb2 Nd5 47. Bf2 f4
48. h3 Kf5 49. Rb8 Ne3 50. Rb6 Rxa5 51. Rxa5 Rd1+ 52. Be1 Rxe1+ 53. Kf2 Rc1 54.
Ra2 Nd1+ 55. Kf3 Nc3 56. Rf2 Re1 57. Rc2 Ne4 58. Rb3 Rd1 59. Ke2 Rxd4 60. Rb6
Ng3+ 61. Ke1 Re4+ 62. Kd1 Nf1 63. Re2 Ne3+ 64. Ke1 Re6 65. Kf2 g4 66. hxg4+
Nxg4+ 67. Ke1 Ne3 68. Kf2 Ng4+ 69. Ke1 Ne5 70. Kf1 Rg6 71. Rb8 Nd7 72. Rbe8 Kg4
73. R8e6 Rg5 74. Rxc6 Nxc5 75. Rd6 Kg3 76. Ra2 Ne4 77. Ra3+ Kg4 78. Rd4 Re5 79.
Rd1 Ng5 80. Ra4 Rb5 81. Rdd4 Rf5 82. Kf2 Rf8 83. Rdb4 Ne6 84. Ra6 Nc5 85. Ra3
Rd8 86. Ke2 Re8+ 87. Kf1 Ne4 88. Ra1 Ng3+ 89. Kg1 Ne2+ 90. Kf2 Nc3 91. Kf1 Re3
92. Rb8 Ne4 93. Rg8+ 1/2-1/2

[Event "Al Ain Classic 2012"]
[Site "Al-Ain UAE"]
[Date "2012.12.26"]
[Round "5.31"]
[White "El Gindy, Essam"]
[Black "Tabatabaei, M.amin"]
[Result "1-0"]
[WhiteTitle "GM"]
[BlackTitle "FM"]
[WhiteElo "2486"]
[BlackElo "2134"]
[WhiteFideId "10600140"]
[BlackFideId "12521213"]
[EventDate "2012.12.22"]

1. d4 d5 2. c4 c6 3. e3 Nf6 4. Nc3 e6 5. Nf3 Nbd7 6. Qc2 Bd6 7. Bd3 O-O 8. O-O
Qe7 9. c5 Bc7 10. e4 dxe4 11. Nxe4 Nxe4 12. Bxe4 h6 13. Re1 Nf6 14. Bd3 Rd8 15.
a3 b6 16. b4 bxc5 17. bxc5 a5 18. Qe2 Bd7 19. Rb1 Rab8 20. Bd2 Be8 21. g3 Qd7
22. Bc4 Qc8 23. Kg2 Rxb1 24. Rxb1 Qa8 25. Qe1 Bd7 26. Bd3 Bc8 27. Qe2 Bd7 28.
Ne5 Rb8 29. Rxb8+ Qxb8 30. Nxd7 Nxd7 31. Be4 Qb7 32. Qf3 Qb2 33. Qd3 Qb7 34. Qb1
Qa8 35. Bh7+ Kh8 36. Bd3 Nf6 37. Bc4 Kg8 38. Qb2 Nd5 39. a4 Qc8 40. Qb3 Qa8 41.
f4 Qd8 42. Qd3 Qd7 43. Bb3 Ne7 44. Qe4 Nf5 45. Bc3 Bd8 46. g4 Nh4+ 47. Kf2 Qc7
48. Kg1 Ng6 49. f5 Qf4 50. Qxf4 Nxf4 51. Bc4 Nd5 52. Bb2 Bf6 53. Kf2 Kf8 54. Kf3
Bg5 55. h3 Ke8 56. fxe6 fxe6 57. Ke4 Bd2 58. h4 Ke7 59. h5 Kd7 60. Kd3 Bf4 61.
Ke2 Ke7 62. Bd3 Kd7 63. Be4 Ke7 64. Kf3 Bd2 65. Bxd5 exd5 66. Ke2 Bf4 67. Bc3
Bc7 68. Kf3 Kf6 69. Bd2 Ke6 70. g5 hxg5 71. Kg4 Kf7 72. Bxg5 Ke6 73. Bh4 Kd7 74.
Kf5 Ke8 75. Ke6 Bf4 76. Be1 Bc7 77. Bd2 1-0